Países do Sudeste da Ásia - Statistics

Estatísticas Gerais
  • Esse quiz foi jogado 141 vezes
  • A pontuação média é 10 de 12
Estatísticas das Respostas
País % Correto
Indonésia
93%
Camboja
89%
Laos
88%
Vietnã
88%
Tailândia
87%
Filipinas
86%
Malásia
86%
Singapura
85%
Brunei
81%
Timor-Leste
78%
Myanmar
77%
China
74%
Nenhum quiz correspondente encontrado
Distribuição das Pontuações
Porcentagem de Pessoas com Cada Pontuação
Percentil de Números Respondidos
Sua Pontuação Histórica
Você não jogou esse quiz